|
|
|
|
| LEADER |
00000nas1a2200000 4500 |
| 001 |
400544 |
| 005 |
20231101065416.0 |
| 011 |
|
|
|a 0543-5749
|
| 035 |
|
|
|a (RuTPU)RU\TPU\prd\43002
|
| 090 |
|
|
|a 400544
|
| 100 |
|
|
|a 20060424a20069999k y0rusy50 ca
|
| 101 |
0 |
|
|a rus
|
| 102 |
|
|
|a RU
|
| 110 |
|
|
|a agaz|||0uu0
|
| 200 |
1 |
|
|a Металлургическая и горнорудная промышленность
|e научно-технический и производственный журнал
|
| 210 |
|
|
|a Днепропетровск
|c Укрметаллургинформ "НТА"
|d 2006-
|
| 469 |
|
|
|0 (RuTPU)RU\TPU\subscr\2762
|
| 610 |
1 |
|
|a машиностроительное производство
|
| 610 |
1 |
|
|a экология
|
| 610 |
1 |
|
|a производство
|
| 610 |
1 |
|
|a металлургия
|
| 610 |
1 |
|
|a металлы
|
| 610 |
1 |
|
|a машиноведение
|
| 610 |
1 |
|
|a автоматизация
|
| 801 |
|
1 |
|a RU
|b 63413507
|c 20060424
|g PSBO
|
| 801 |
|
2 |
|a RU
|b 63413507
|c 20180115
|g PSBO
|
| 856 |
4 |
|
|u http://www.metaljournal.com.ua/
|
| 856 |
4 |
|
|u https://elibrary.ru/title_about.asp?id=26077
|
| 942 |
|
|
|c CR
|
| 969 |
|
|
|0 001RU\TPU\subscr\2762
|